000
00291nam a2200133Ia 4500
100
_a
Agarwal/ R.D.
942
_c
BK
654
_a
management
245
_a
Organisation & management
260
_b
Tata Mc Graw hill
_a
New Delhi
_c
1982
082
_a
658.4
300
_a
708
546
_a
ENGLISH
999
_c
27735
_d
27735